000 00879nam a2200181Ia 4500
008 100920s9999 xx 000 0 und d
082 _b74368
_a330 थ 29
100 _aकरंदीकर जनार्दन सखाराम /हिवरगांवकर बळवंत रामचंद्र.
245 _aकौटिलीय - अर्थशास्त्र.(उत्तरार्ध).
260 _bमुळे गजानन रघुनाथ , कुलाबा.
_c1929
300 _a335
_bसाधी
365 _b0
520 _aअर्थशास्त्र.
630 _aकौटिलीय - अर्थशास्त्र.(उत्तरार्ध).
650 _aअर्थशास्त्र.
730 _aकौटिलीय - अर्थशास्त्र.(उत्तरार्ध).
942 _cBOOK
999 _c715966
_d715963